书目信息 |
| 书名: | How to Write a Damn Good Thriller | |
| 作者: | James N.Frey | |
| 分册号: | ||
| 分册名: | 出版地: | NEW YORK |
|
| 出版社: | ST.MARTIN'S PRESS | |
| 出版时间: | 2010 | |
| 页数: | ||
| 开本: | 22CM | |
| 丛书名: | ||
| 中图分类号: | ||
| 科图分类号: | ||
| 其他分类号: | C912.8 | |
| 主题词: | ||
| 电子资源: | ||
| 000 | 00451nam0 2200169 450 | |
| 001 | 202012000225 | |
| 005 | 20121107084949.0 | |
| 008 | 12101501s | |
| 020 | @a9780312575076@bhard@c$24.99 | |
| 099 | @dC912.8@eJ284 | |
| 245 | 10 | @aHow to Write a Damn Good Thriller@cJames N.Frey |
| 260 | 0 | @aNEW YORK @bST.MARTIN'S PRESS@c2010 |
| 300 | @c22CM | |
| 905 | @b6237-8 | |
| 905 | @eJ284 | |
| 905 | @dC912.8@eJ284 | |
| 905 | @aTSG@dC912.8@eJ284 | |
| How to Write a Damn Good Thriller / James N.Frey.-NEW YORK : ST.MARTIN'S PRESS , 2010 |
| 22CM |
| ISBN 9780312575076hard$24.99 |
| ● |
| 相关链接 |
|
|
|
正题名:How to Write a Damn Good Thriller
索取号:C912.8/J284
 
预约/预借
| 序号 | 登录号 | 条形码 | 馆藏地/架位号 | 状态 | 备注 |
| 1 | 6237 | 300062376 | 社科库509/509社科库 131排1列2层/ [索取号:C912.8/J284] | 在馆 | |
| 2 | 6238 | 300062385 | 社科库509/509社科库 131排1列2层/ [索取号:C912.8/J284] | 在馆 |